Statistiques concernant Culture Générale - Série 1467

Cliquez ici pour prendre le quiz!

Statistiques générales

  • Ce quiz a été pris 50 fois
  • Le résultat moyen est 5 sur 10

Statistiques - réponses

Question Réponse % Correct
À quel homme politique et physicien américain doit-on l'invention du paratonnerre en 1752 ?Benjamin Franklin
66%
En 1984, quel groupe a enflammé les pistes de danse avec son tube "Still Loving You" ?Scorpions
64%
De quelle chaîne de montagnes, le pic d'Aneto est-il le point culminant ?Pyrénées
64%
Quelle chanteuse a écrit les paroles de la chanson de Johnny Hallyday "Allumer le feu" ?Zazie
49%
La Picardie est composée de trois départements. Oise, Somme, et...Aisne
49%
En 1994, quel André réalise le film "Les Roseaux sauvages" ?André Téchiné
38%
Quel rongeur aux longues pattes postérieures tire son nom de l'arabe “gerbu” ?gerboise
36%
Quelle chanteuse jazzy a délaissé un temps la chanson pour l'imitation, avec le spectacle "La Folle Parenthèse" ?Liane Foly
36%
A la télévision, quel comédien incarna le commissaire Maigret de 1991 à 2005 ?Bruno Crémer
36%
Quel titre d'un journal fondé par Auguste Blanqui est devenu la devise des anarchistes ?Ni Dieu ni Maître
19%

Distribution des résultats

Percentile par nombre de réponses

% des personnes avec chaque résultat

Votre développement - résultats

Vous n’avez pas pris ce quiz